000
00324 a2200157 4500
001
192170
020
_a
85-00-68593-X
040
_c
Magnum
100
_a
Mendes, Sulema
240
1
0
_a
Marina Marina
_l
por
245
1
0
_a
Marina Marina
362
0
_a
1978
440
1
_a
Ediouro
697
_a
LITERATURA JUVENIL
942
_c
BK
999
_c
192170
_d
192170